000 01382nam a2200265Ia 4500
003 CO-CtgCURN
005 20250410210956.0
008 190723s9999 xx 000 0 und d
020 _a9586042421
040 _aCO-CtgCURN
_bspa
_ccoctgcurn
082 _a346.022
_bB389o
100 _aBecerra Toro, Rodrigo
_98257
_eautor
245 0 _aObligaciones civiles :
_bfuentes y formas /
_cRodrigo Becerra Toro
260 _aBogotá, Colombia :
_bEditorial Temis,
_c1987
300 _a341 páginas ;
_c22 centímetros
500 _aIncluye índice
501 _aIncluye referencias bibliográficas (p.[327]-329)
505 _aCap.1. De los actos y declaraciones de voluntad -- Cap.2. De la naturaleza de las obligaciones -- Cap.3. Obligaciones naturales -- Cap.4. Obligaciones condicionales y modales --Cap.5. Obligaciones a plazo -- Cap.6. De las obligaciones alternativas -- Cap.7. De las obligaciones facultativas -- Cap.8. De las obligaciones de género -- Cap.9. De las obligaciones solidarias -- Cap.10. De las obligaciones divisibles e indivisibles -- Cap.11. De las obligaciones con cláusula penal.
521 _aAREA PROFESIONAL
590 _aPrograma de Derecho_18
650 _aObligaciones (Derecho)
_98258
650 _aDerecho civil
_98259
942 _cBK
_h346.02
_iB389o
_2ddc
_n0
999 _c29168
_d29168